Culture Générale - Clic Quiz - La réponse est dans un GIF #3 - Statistiques

Statistiques générales
  • Ce quiz a été pris 266 fois
  • Le résultat moyen est 13 sur 20
Statistiques - réponses
Hint Réponse % Correct
Clip Thriller
95%
Les Sims
90%
Casino Royale
89%
How I Met Your Mother
84%
GTA
81%
Clip Toxic
80%
Clip Désenchantée
78%
Call of Duty
73%
Pub Orangina
73%
Pub Nestlé
72%
Metal Gear Solid
70%
Les Joueurs
63%
Pub Kiss Cool
63%
Pub Volvic
55%
24/06/95
44%
18/07/98
42%
22/10/96
41%
Maverick
36%
17/11/93
32%
Clip Popular
32%
Aucun quiz correspondant
Distribution des résultats
% des personnes avec chaque résultat
Percentile par nombre de réponses
Votre historique - résultats
Vous n’avez pas pris ce quiz